Структурно-фазовый состав и абразивная износостойкость аустенитных композиционных покрытий. Часть 1; Технология машиностроения; № 2

Bibliographische Detailangaben
Parent link:Технология машиностроения: обзорно-аналитический, научно-технический и производственный журнал/ Издательский центр "Технология машиностроения".— , 2000-.— 1562-322X
№ 2.— 2014.— С. 5-13
1. Verfasser: Гнюсов С. Ф. Сергей Фёдорович
Weitere Verfasser: Маков Д. А.
Zusammenfassung:Приведены результаты исследования влияния термической обработки на особенности формирования структурно-фазового состава композиционных покрытий (Fe- 20 % Mn-4 % V- 4 % Mo) + 15 % WC и (Fe- 20 % Ni-4 % V-4 % Mo) + 15 % WC. Установлен рациональный режим старения, обеспечивающий сохранение аустенитной структуры матрицы и получение мультимодального распределения карбидной фазы по размерам в объеме упрочненного слоя.
Sprache:Russisch
Veröffentlicht: 2014
Schlagworte:
Format: MixedMaterials Buchkapitel
KOHA link:https://koha.lib.tpu.ru/cgi-bin/koha/opac-detail.pl?biblionumber=573670

MARC

LEADER 00000naa2a2200000 4500
001 573670
005 20231101125725.0
035 |a (RuTPU)RU\TPU\prd\272147 
035 |a RU\TPU\prd\127573 
090 |a 573670 
100 |a 20170614a2014 k y0rusy50 ca 
101 0 |a rus 
102 |a RU 
200 1 |a Структурно-фазовый состав и абразивная износостойкость аустенитных композиционных покрытий. Часть 1  |f С. Ф. Гнюсов, Д. А. Маков 
330 |a Приведены результаты исследования влияния термической обработки на особенности формирования структурно-фазового состава композиционных покрытий (Fe- 20 % Mn-4 % V- 4 % Mo) + 15 % WC и (Fe- 20 % Ni-4 % V-4 % Mo) + 15 % WC. Установлен рациональный режим старения, обеспечивающий сохранение аустенитной структуры матрицы и получение мультимодального распределения карбидной фазы по размерам в объеме упрочненного слоя. 
461 1 |0 (RuTPU)RU\TPU\prd\1737  |x 1562-322X  |t Технология машиностроения  |o обзорно-аналитический, научно-технический и производственный журнал  |f Издательский центр "Технология машиностроения"  |d 2000- 
463 1 |0 (RuTPU)RU\TPU\prd\215165  |t № 2  |v С. 5-13  |d 2014 
610 1 |a труды учёных ТПУ 
610 1 |a композиционные покрытия 
610 1 |a карбидная составляющая 
610 1 |a аустенит 
610 1 |a карбид вольфрама 
700 1 |a Гнюсов  |b С. Ф.  |c специалист в области машиностроения  |c профессор Томского политехнического университета, доктор технических наук  |f 1960-  |g Сергей Фёдорович  |2 stltpush  |3 (RuTPU)RU\TPU\pers\26508 
701 1 |a Маков  |b Д. А. 
801 1 |a RU  |b 63413507  |c 20111221 
801 2 |a RU  |b 63413507  |c 20170614  |g RCR 
942 |c BK